000 00339nam a22001577a 4500
003 SGT
020 _a978-81-8473-2214
082 _a611, C10S
100 _aSNELL, RICHARD S.
245 _aCLINICAL NEUROANATOMY
250 _a7TH
260 _aINDIA
_bWOLTERS KLUWER
_c2010
300 _a542
650 _aANATOMY
942 _2ddc
_cBK
_017
999 _c8430
_d8430